|
|
|
|
| LEADER |
00000nam0a2200000 4500 |
| 001 |
215453 |
| 005 |
20231031193839.0 |
| 010 |
|
|
|a 5750701468
|
| 035 |
|
|
|a (RuTPU)RU\TPU\book\235375
|
| 090 |
|
|
|a 215453
|
| 100 |
|
|
|a 20120511d1989 k y0rusy50 ca
|
| 101 |
0 |
|
|a rus
|
| 102 |
|
|
|a RU
|
| 105 |
|
|
|a y z 001zy
|
| 200 |
1 |
|
|a Логика изменения и модальная логика
|f О. А. Солодухин
|g Ростовский государственный университет; под ред. Ю. Г. Гладких
|
| 210 |
|
|
|a Ростов-на-Дону
|c Изд-во Ростовского ун-та
|d 1989
|
| 215 |
|
|
|a 144 с.
|c ил.
|
| 320 |
|
|
|a Библиогр.: с. 136-143.
|
| 610 |
1 |
|
|a философия
|
| 610 |
1 |
|
|a логика изменения
|
| 610 |
1 |
|
|a структуры времени
|
| 610 |
1 |
|
|a кванторная модальная логика
|
| 610 |
1 |
|
|a универсум
|
| 686 |
|
|
|a Ю41
|2 rubbk
|
| 700 |
|
1 |
|a Солодухин
|b О. А.
|g Олег Анатольевич
|
| 702 |
|
1 |
|a Гладких
|b Ю. Г.
|4 340
|
| 712 |
0 |
2 |
|a Ростовский государственный университет
|2 stltpush
|3 (RuTPU)RU\TPU\col\3289
|
| 801 |
|
1 |
|a RU
|b 63413507
|c 20120511
|
| 801 |
|
2 |
|a RU
|b 63413507
|c 20120529
|g RCR
|
| 942 |
|
|
|c BK
|